Preparation and properties of low protein latex (Record no. 65571)
[ view plain ]
| 000 -LEADER | |
|---|---|
| fixed length control field | 01300nam a2200145Ia 4500 |
| 100 ## - MAIN ENTRY--AUTHOR NAME | |
| Personal name | Sunny Sebastian M |
| 245 #0 - TITLE STATEMENT | |
| Title | Preparation and properties of low protein latex |
| 260 ## - PUBLICATION, DISTRIBUTION, ETC. (IMPRINT) | |
| Name of publisher | Papers presented at the IRMRA 18th Rubber Conference, Mumbai, January 20-21, 2000. p105-109 |
| 520 ## - SUMMARY, ETC. | |
| Summary, etc | Residual proteins present in natural rubber (NR) latex products can cause allergic reactions in sensitized people. Chlorination and leaching are the methods commonly employed for reducing extractable proteins (EP) in latex products. Chlorination can adversely affect the physical properties of latex films. Well leached films on storage again show the presence of EP. This is due to the migration of EP to the surface from interior layer. Hence reduction of EP in latex itself can solve allergic reactions to latex proteins to a great extent. This paper reports the preparation and properties of a latex low in EP. In conventionally sulphur vulcanized films of this low protein latex (LPL), EP content is very low. Physical properties of vulcanized LPL films are good, eventhough slightly less than that of films prepared from standard centrifuged latex (SCL). |
| 650 ## - SUBJECT ADDED ENTRY--TOPICAL TERM | |
| Topical Term | Low protein latex |
| 700 ## - ADDED ENTRY--PERSONAL NAME | |
| Personal name | Thomas E V |
| 700 ## - ADDED ENTRY--PERSONAL NAME | |
| Personal name | Valsa George |
| 942 ## - ADDED ENTRY ELEMENTS (KOHA) | |
| Koha item type | Journals |
| Withdrawn status | Lost status | Damaged status | Not for loan | Home library | Current library | Shelving location | Date acquired | Koha item type |
|---|---|---|---|---|---|---|---|---|
| Journals | RRII Library | RRII Library | Rubber chemistry | 17/12/2021 | Journals |